Puntos de catecismo / (Record no. 142631)
[ view plain ]
| 000 -LEADER | |
|---|---|
| campo de control de longitud fija | 00848nam a2200265 i 4500 |
| 001 - NÚMERO DE CONTROL | |
| campo de control | 142631 |
| 003 - IDENTIFICADOR DE NÚMERO DE CONTROL | |
| campo de control | ES-MaACL |
| 005 - FECHA Y HORA DE LA ÚLTIMA TRANSACCIÓN | |
| campo de control | 20250831062447.0 |
| 007 - CAMPO FIJO DE DESCRIPCIÓN FÍSICA--INFORMACIÓN GENERAL | |
| campo de control de longitud fija | t| |
| 008 - DATOS DE LONGITUD FIJA--INFORMACIÓN GENERAL | |
| campo de control de longitud fija | 071009s1949 sp ||||1| spa d |
| 040 ## - FUENTE DE CATALOGACIÓN | |
| Centro/agencia transcriptor | ES-MaACL |
| 080 ## - NÚMERO DE LA CLASIFICACIÓN DECIMAL UNIVERSAL | |
| Número de la Clasificación Decimal Universal | 238.1:282 |
| 100 1# - ENTRADA PRINCIPAL--NOMBRE DE PERSONA | |
| Nombre de persona | Vilariño, Remigio, |
| Fechas asociadas al nombre | 1865-1939 |
| 9 (RLIN) | 114818 |
| Término indicativo de función/relación | Autor |
| 245 10 - MENCIÓN DEL TÍTULO | |
| Título | Puntos de catecismo / |
| Mención de responsabilidad, etc. | expuestos por Remigio Vilariño. |
| 250 ## - MENCION DE EDICION | |
| Mención de edición | 10ª ed. rev. y corr. / |
| Resto de la mención de edición | por Felipe de Aguirre. |
| 260 ## - PUBLICACIÓN, DISTRIBUCIÓN, ETC. | |
| Lugar de publicación, distribución, etc. | Bilbao : |
| Nombre del editor, distribuidor, etc. | El Mensajero del Corazón, |
| Fecha de publicación, distribución, etc. | 1949. |
| 300 ## - DESCRIPCIÓN FÍSICA | |
| Extensión | 1335 páginas ; |
| Dimensiones | 21 cm. |
| 610 27 - PUNTO DE ACCESO ADICIONAL DE MATERIA--NOMBRE DE ENTIDAD CORPORATIVA | |
| Nombre de entidad corporativa o nombre de jurisdicción como elemento de entrada | Iglesia Católica- |
| Subdivisión general | Doctrinas |
| Fuente del encabezamiento o término | |
| 9 (RLIN) | 151420 |
| 655 #7 - TERMINO DE INDIZACIÓN--GENERO/FORMA | |
| 9 (RLIN) | 234608 |
| Datos o término principal de género/forma | Catecismos |
| 700 1# - ENTRADA AGREGADA--NOMBRE PERSONAL | |
| Nombre de persona | Aguirre, Felipe de. |
| 9 (RLIN) | 18817 |
| Término indicativo de función/relación | Editor literario |
| 852 ## - LOCALIZACIÓN | |
| Ubicación | ES-MaACL |
| Ubicación en estantería | Sala Palomar |
| Número de control de estantería | C-5791 |
| Sublocalización o colección | R. 34747 |
| 942 ## - ELEMENTOS DE ENTRADA SECUNDARIOS (KOHA) | |
| Tipo de ítem Koha | Libro impreso |
| Suprimir en OPAC | No |
| Estatus retirado | Estado de pérdida | Estado de daño | No para préstamo | Biblioteca de origen | Biblioteca actual | Ubicación en estantería | Fecha de adquisición | Fuente de adquisición | Total de préstamos | Signatura topográfica completa | Código de barras | Visto por última vez | Precio de reemplazo | Tipo de ítem Koha |
|---|---|---|---|---|---|---|---|---|---|---|---|---|---|---|
| Biblioteca del Ateneo de Madrid | Biblioteca del Ateneo de Madrid | Sala Palomar | 17/01/2008 | C-5791 | 1148407 | 23/02/2023 | 23/02/2023 | Libro impreso |
